Groups

Saved in:
Bibliographic Details
Main Author: Wallace, D. A. R. (David Alexander Ross)
Format: Book
Language:English
Published: London : Allen and Unwin, 1974
Series:Problem solvers ; ; 16
Subjects:
Tags: Add Tag
No Tags, Be the first to tag this record!

MARC

LEADER 00000cam a2200000 i 4500
001 1/4637
008 100218s1974 eng d
035 |l 10106862 
040 |a GR-MY-UA  |b gre  |e aacr 
041 0 |a eng 
082 0 |a 512.2  |2 (22) 
100 1 |a Wallace, D. A. R.   |q (David Alexander Ross) 
245 1 0 |a Groups /  |c D.A.R. Wallace 
260 |a London :   |b Allen and Unwin,   |c 1974 
300 |a 104 σ.;  |c 22 εκ. 
490 1 |a Problem solvers  |v ; 16 
504 |a Περιέχει ευρετήριο 
650 0 0 |a Group theory  |x Problems, exercises, etc. 
830 0 |a Problem solvers ;  |v ; 16 
852 |a INST  |b SAMOS  |c MAG  |e 20100218  |h 512.2 WAL  |p 005300030584  |q 005300030584  |t BK  |y 0 
901 |a BIBL3-2010-1 
909 |a Σ  |b 161857 
970 |a ΡΟΥΣΣΟΥ  |b ΚΩΝΣΤΑΝΤΙΝΑ  |z 2010/02/18